№ 218: Металловедение: [сборник]; Труды Ленинградского политехнического института имени М. И. Калинина

Библиографические подробности
Источник:Труды Ленинградского политехнического института имени М. И. Калинина: [сборник]/ Ленинградский политехнический институт им. М. И. Калинина (ЛПИ). № 218: Металловедение.— , 1941-
Другие авторы: Смирнов В. С. (редактор)
Язык:русский
Опубликовано: Ленинград, Машгиз, 1962
Предметы:
Формат: Книга
Запись в KOHA:https://koha.lib.tpu.ru/cgi-bin/koha/opac-detail.pl?biblionumber=353172

MARC

LEADER 00000nam2a2200000 4500
001 353172
005 20231102010552.0
035 |a (RuTPU)RU\TPU\retro\10251 
035 |a RU\TPU\retro\10236 
090 |a 353172 
100 |a 20200313d1962 k y0rusy50 ca 
101 0 |a rus 
102 |a RU 
200 0 |a № 218: Металловедение  |e [сборник]  |f под ред. В. С. Смирнова 
210 |a Ленинград  |a Москва  |c Машгиз  |d 1962 
215 |a 116 стр. 
461 1 |0 (RuTPU)RU\TPU\retro\9721  |t Труды Ленинградского политехнического института имени М. И. Калинина  |o [сборник]  |f Ленинградский политехнический институт им. М. И. Калинина (ЛПИ)  |v № 218: Металловедение  |d 1941-  
606 1 |a Металловедение  |x Общие вопросы  |2 stltpush  |3 (RuTPU)RU\TPU\subj\42403  |9 62070 
610 1 |a твердые растворы 
610 1 |a первичные растворы 
610 1 |a порядок 
610 1 |a температуры 
610 1 |a механические свойства 
610 1 |a сплавы 
610 1 |a дифференцированное травление 
610 1 |a добавки 
610 1 |a свойства 
610 1 |a старение 
610 1 |a жаропрочные сплавы 
610 1 |a превращение металлов 
610 1 |a перегрев 
610 1 |a сульфидирование 
702 1 |a Смирнов  |b В. С.  |4 340 
801 1 |a RU  |b 63413507  |c 20160623 
801 2 |a RU  |b 63413507  |c 20200208  |g RCR 
801 2 |a RU  |b 63413507  |c 20200327  |g RCR 
942 |c BK